00604nam a2200145 a 4500001001000000003000400010005001700014008004100031040002500072082001600097110009200113245012400205260010700329300002200436000028993OSt20240304103305.0110407s2003 dr 000 0 spa d aDO-SdBNPbspacBNPHU axxxxbR426d1 aRepública Dominicana.b Secretaría de Estado de Medio Ambiente y Recursos Naturales10aNorma para la gestión ambiental de marinas:b y otras facilidades que ofrecen servicios a embarcaciones recreativas./ aSanto Domingo :bSecretaría de Estado de Medio Ambiente y Recursos Naturales,c2003.fEditora Búho a62 p. : ;c23 cm.